| 000 | 00555nam a22002177a 4500 | ||
|---|---|---|---|
| 003 | OSt | ||
| 005 | 20140310184319.0 | ||
| 008 | 121112t xxu||||| |||| 00| 0 eng d | ||
| 020 | _a0439597935 | ||
| 050 |
_aRD 31 _b.M478 2003 |
||
| 100 |
_aMcPhee, Andy _923546 |
||
| 245 |
_aMedical miracles / _cAndy Mcphee. |
||
| 260 |
_aNew York, NY : _bScholastic Inc., _c2003 |
||
| 300 |
_a48 p. : _bill. ; _c20 cm. |
||
| 521 | _aG3 | ||
| 526 | _c530 | ||
| 650 |
_aMedicine _xSurgery _923547 |
||
| 942 |
_2lcc _cBK-SCHOLAS |
||
| 999 |
_c33587 _d33587 |
||